000
00301nam a22001337a 4500
008
181217b xxu||||| |||| 00| 0 eng d
020
_a
9780071362962
041
_a
eng
080
_2
2nd
_a
620
100
_a
26
101
_a
MEK
245
_a
The Robot Builder's Bonanza
_c
Comb,G.M
942
_2
udc
_c
BK
999
_c
53144
_d
53144